000 01816nam a2200313 4500
001 114219
003 DR-UNIBE
005 20251119091747.0
008 251118b2010 dr ||||| |||| 00| 0 spa d
020 _a9789945458039
040 _aBIBLIOTECA UNIBE
_bspa
_cBIBLIOTECA UNIBE
041 _aspa
082 _222
_aRD 327.2 R457m
100 1 _aReyes Sánchez, Manuel,
_d1966-
_eautor
_9200882
100 1 _aDespradel Cabral, Alberto,
_d1948-
_eautor
_9200883
245 1 0 _aManuel diplomático y derecho diplomático /
_cMiguel Reyes Sánchez, Alberto Despradel Cabral
250 _aPrimera edición
260 _aSanto Domingo :
_bEdiciones Senderos del Mundo,
_c2010
300 _a376 páginas ;
_c27 cm.
504 _aIncluye referencias bibliográficas (páginas: 355-370) e índices
505 0 _aIntroducción | Capítulo I. Generalidades. La diplomacia: definición, orígenes y fuentes | Capítulo II. Los órganos estatales de la política exterior | Capítulo III. El reconocimiento en derecho internacional y establecimiento de las relaciones diplomáticas | Capítulo IV. La misión diplomática | Capítulo V. Los jefes de misión | Capítulo VI. El protocolo | Capítulo VII. La precedencia diplomática | Capítulo VIII. Ceremonial de Estado y comunicaciones diplomáticas y sociales | Capítulo IX. Fuentes bibliográficas en el estudio de la diplomacia | Anexos | Bibliografía | Índice onomástico
650 7 _2lemb
_aDiplomacia
_vManuales
_9200889
650 7 _2lemb
_aDerecho diplomático y consular
_982829
650 7 _2lemb
_aRelaciones internacionales
651 7 _2lemb
_aRepública Dominicana
_xRelaciones exteriores
_zHaití
_914600
651 7 _2lemb
_aHaití
_xRelaciones exteriores
_zRepública Dominicana
_919458
655 7 _2lemb
_aManuales
_9194534
942 _2ddc
_cBK
999 _c114219
_d114219